000 01314cam a2200373 i 4500
001 66493
003 Mx-PuUPA
005 20250813085150.0
008 161104s1987 mx gr 000 0 spa d
020 _a9682314097
040 _aMx-PuUPA
_bspa
_cMx-PuUPA
_dMx-PuUPA
_erda
041 0 _aspa
043 _acl-----
100 1 _aHarnecker, Marta,
_d1937-2019
_eautor
_92958
245 1 0 _aEstudiantes, cristianos e indígenas en la revolución /
_cpor Marta Harnecker
250 _aPrimera edición
264 1 _aMéxico, D.F. :
_bSiglo XXI Editores,
_c1987
300 _a271 páginas ;
_c21 cm
336 _atexto
_2rdacontent
_btxt
337 _asin medio
_2rdamedia
_bn
338 _avolumen
_2rdacarrier
_bnc
490 0 _aSociología y Política
650 7 _2armarc
_aComunismo
_zAmérica Latina
650 7 _2armarc
_aRevoluciones
_zAmérica Latina
650 7 _2armarc
_aIndígenas
_zAmérica Latina
_xRelaciones con el gobierno
650 7 _2armarc
_aClero
_zAmérica Latina
_xActividad política
650 7 _2armarc
_aEstudiantes
_zAmérica Latina
_xActividad política
651 4 _aAmérica Latina
_xCondiciones sociales
651 4 _aAmérica Latina
_xPolítica y gobierno
942 _2ddc
_cLI
_h322.4
_iH254
999 _c66493
_d66493